000 00482nam a2200193Ia 4500
001 25575
003 IN-NITTTR
005 20251114233324.0
008 251113s9999||||xx |||||||||||||| ||eng||
040 _beng
040 _cIN-NITTTR
041 _aeng
082 _a006.7 M88
100 _aGuan, Ling
245 0 _aMultimedia image and video processing. /
_cGuan, Ling, Kung, Sun-Yuan, Larsen, Jan
700 _a Kung, Sun-Yuan
700 _a Larsen, Jan
942 _2ddc
_cBK
999 _c28204
_d28204